| 000 | 00684nam a2200241 a 4500 | ||
|---|---|---|---|
| 005 | 20220602143600.0 | ||
| 008 | 170614s1997 mx r 000 0 spa d | ||
| 020 | _a9687881011 | ||
| 035 | _aUPN01000218731 | ||
| 049 | _aCG | ||
| 050 | 4 |
_aPN1985 _bA9.2 |
|
| 100 | 1 |
_aAubert, Charles _940520 |
|
| 245 | 1 | 3 |
_aEl arte mímico / _cCharles Aubert ; tr. Pilar Ortiz Lovillo. |
| 260 |
_aMéxico : _bEscenología, _c1997. |
||
| 300 |
_a261 p. : _bil. |
||
| 440 | 0 |
_aEscenología ; _v35 |
|
| 534 |
_pTítulo original: _tL'art minique |
||
| 650 | 4 |
_aPANTOMIMA _91643 |
|
| 650 | 4 |
_aMIMO (COMPOSICION DRAMATICA) _91642 |
|
| 650 | 2 |
_aTeatro _912795 |
|
| 905 | _aLibro | ||
| 999 |
_c190831 _d190831 |
||